Statistics for Movies by Wikipedia Descriptions #1

Click here to take the quiz!

General Stats

  • This quiz has been taken 29,932 times
  • The average score is 13 of 18

Answer Stats

HintMovie% Correct
Doc unveils a time machine built from a modified DeLoreanBack to the Future
97%
The first Marvel film with a predominantly black castBlack Panther
90%
Kate realizes mid-flight that Kevin was left behindHome Alone
89%
He tried to have the iconic line "I'll be back" changed as he had difficulty
pronouncing the word I'll
The Terminator
85%
It was the first entirely computer-animated feature film, as well as the first
feature film from Pixar
Toy Story
84%
The film stars Judy Garland as Dorothy GaleThe Wizard of Oz
83%
The film's success led to two sequels, a prequel trilogy, a sequel trilogy, two anthology films,
and various spin-off TV series
Star Wars
80%
Two Academy Awards, for Best Original Score (Hans Zimmer) and Best Original Song
with "Can You Feel the Love Tonight"
The Lion King
74%
The plot revolves around King Leonidas (Gerard Butler), who leads the Spartans
into battle against the Persian "God-King" Xerxes
300
73%
... running up the steps of the Philadelphia Museum of Art, as part of his training regimenRocky
72%
It stars Jesse Eisenberg as founder Mark ZuckerbergThe Social Network
69%
He also develops a talent for ping-pong, and becomes a sports celebrity as he competes
against Chinese teams in ping-pong diplomacy
Forrest Gump
64%
The musical explores the rivalry between the Jets and the Sharks, two teenage street
gangs of different ethnic backgrounds
West Side Story
62%
Gruber interrogates Nakatomi executive Joseph Takagi for the code to the building's vaultDie Hard
58%
Hello, my name is Inigo Montoya. You killed my father. Prepare to die.The Princess Bride
55%
When adjusted for inflation, it is still the most successful film in box-office historyGone with the Wind
47%
When a policeman remarks that the planes got him, Denham tells him,
"No, it wasn't the airplanes. It was Beauty killed the Beast"
King Kong
39%
When high school student Laurie Strode drops off a key at his former home so her
father can sell it, Michael begins stalking her throughout the day
Halloween
38%

Score Distribution

Percentile by Number Answered

Percent of People with Each Score

Your Score History

You have not taken this quiz